[Event "Stay Safe Play From Home 172"]
[Site "T#646326Emanuel Laske"]
[Date "2020.05.25"]
[Round "6"]
[White "Haxhi Baha"]
[Black "The Next Contender"]
[Result "1-0"]
[WhiteElo "1975"]
[BlackElo "1960"]
[Annotator "TA"]
[PlyCount "87"]
[EventDate "2020.05.25"]
[EventType "swiss (blitz)"]

{[%evp 9,87,33,72,28,96,26,22,14,28,16,44,5,39,10,297,281,274,8,350,218,229,212,222,220,323,310,303,298,345,210,204,177,177,141,137,140,137,136,187,105,112,93,168,162,165,158,339,243,237,222,225,56,55,56,58,19,19,16,16,14,82,29,770,770,725,709,724,497,460,407,640,623,642,635,709,696,29978,29978,29980,29980]} 1. e4 d5 2. exd5 Qxd5 3. Nc3 Qa5 4. Bc4 c6 5. d3 Bf5 6. Bd2 {B01: Scandinavian Defence.} (6. g4 $5 {[%cal Rg4f5]} Bg6 7. Bd2 $11) 6... Qc7 {[#]} (6... Nd7 $11 {keeps the balance.}) 7. Qe2 (7. g4 $1 $16 {[%cal Rg4f5]} Bg6 8. Nge2) 7... Nf6 $11 8. h3 {The position is equal.} e6 9. g4 Bg6 10. f4 Be7 11. O-O-O Nd5 $2 {[%mdl 8192]} (11... b5 $11 12. Bb3 O-O) 12. Bxd5 $18 cxd5 {[#]} 13. Re1 $146 ({White must play} 13. f5 $1 $18 {[%mdl 512]}) ({Predecessor:} 13. f5 exf5 14. Nxd5 Qd7 15. Re1 Nc6 16. Nxe7 Nxe7 17. Bb4 O-O-O 18. Qxe7 Qxe7 19. Rxe7 fxg4 20. hxg4 {1-0 (27) Sharma,D (2365)-Yashora,W (1746) Ambalangoda 2011}) 13... O-O $2 {[%mdl 8192] [#]} (13... d4 $1 $11 {and Black stays safe.} 14. Ne4 O-O) 14. Nxd5 $1 {[%mdl 512]} exd5 15. Qxe7 Qxe7 16. Rxe7 {And now f5 would win.} h5 (16... Nc6 {was called for.}) 17. f5 ({Don't take} 17. Rxb7 f6 $18) 17... Bh7 18. Nf3 b6 19. Ng5 Nc6 20. Rc7 Rac8 21. Rxc8 Rxc8 22. Kb1 f6 23. Ne6 Kf7 (23... hxg4 $16 24. hxg4 Ne5) 24. c3 (24. Nf4 $18) 24... Bg8 25. Re1 Nd8 (25... Bh7 $16 {might work better.}) 26. Nf4 hxg4 27. hxg4 d4 $2 (27... Nc6 $16 28. d4 (28. Nxd5 Ne5 $16) 28... Kf8) 28. Ng6 {[%csl Gg6][%cal Re1e7]} Nc6 29. cxd4 {Strongly threatening Nh8+.} Re8 {and the idea ...Rxe1+ leaves Black hopeful.} 30. Rxe8 $2 (30. Rc1 $18 Rc8 31. Bb4) 30... Kxe8 {[%mdl 4096] Endgame KBN-KBN} 31. Bc3 Bd5 32. Nf4 Bf3 33. g5 fxg5 34. Ne6 Bg4 (34... Ne7 $11) 35. d5 ({Better is} 35. Nxg7+ $16 Kf7 36. d5) 35... Bxf5 $2 {[%mdl 8192]} (35... Ne7 $11) 36. Nxg7+ {[%mdl 64] Double Attack} ({Weaker is} 36. dxc6 Bxe6 37. Bxg7 Ke7 $16) 36... Kf7 37. Nxf5 Ne7 38. Ng3 Nxd5 39. Ne4 Nf4 (39... Kg6 $142 40. Kc2 b5) 40. Nxg5+ Kg6 41. Ne4 Nxd3 42. Kc2 Nc5 43. Nxc5 bxc5 44. Kd3 {Accuracy: White = 44%, Black = 35%.} 1-0

[Event "Stay Safe Play From Home 172"]
[Site "T#646326Emanuel Laske"]
[Date "2020.05.25"]
[Round "6"]
[White "Weltszmerc"]
[Black "Fischer_11"]
[Result "0-1"]
[WhiteElo "1975"]
[BlackElo "1879"]
[Annotator "NA"]
[PlyCount "124"]
[EventDate "2020.05.25"]
[EventType "swiss (blitz)"]

1. d4 {[%emt 0:00:05]} e5 {[%emt 0:00:01]} 2. c4 {[%emt 0:00:00]} exd4 {[%emt 0:00:01]} 3. Nf3 {[%emt 0:00:00]} c5 {[%emt 0:00:01]} 4. e3 {[%emt 0:00:00]} dxe3 {[%emt 0:00:00]} 5. Bxe3 {[%emt 0:00:00]} Nf6 {[%emt 0:00:00]} 6. Nc3 {[%emt 0:00:00]} Be7 {[%emt 0:00:00]} 7. h3 {[%emt 0:00:01]} O-O {[%emt 0:00:00]} 8. Bd3 {[%emt 0:00:01]} b6 {[%emt 0:00:01]} 9. O-O {[%emt 0:00:01]} Bb7 {[%emt 0:00:00]} 10. Rc1 {[%emt 0:00:01]} Nc6 {[%emt 0:00:00]} 11. a3 {[%emt 0:00:01]} Kh8 {[%emt 0:00:03]} 12. Bb1 {[%emt 0:00:01]} d6 {[%emt 0:00:01]} 13. b3 {[%emt 0:00:01]} Ne5 {[%emt 0:00:01]} 14. Nxe5 {[%emt 0:00:01]} dxe5 {[%emt 0:00:00]} 15. Qc2 {[%emt 0:00:00]} g6 {[%emt 0:00:04]} 16. Rfd1 {[%emt 0:00:01]} Qc7 {[%emt 0:00:01]} 17. Nd5 {[%emt 0:00:01]} Nxd5 {[%emt 0:00:02]} 18. cxd5 {[%emt 0:00:00]} Bd6 {[%emt 0:00:01]} 19. Bh6 {[%emt 0:00:01]} Rfe8 {[%emt 0:00:05]} 20. g4 {[%emt 0:00:03]} Bf8 {[%emt 0:00:01]} 21. Bg5 {[%emt 0:00:03]} Bg7 {[%emt 0:00:01]} 22. Qd2 {[%emt 0:00:02]} f6 {[%emt 0:00:02]} 23. Bh6 {[%emt 0:00:01]} Rad8 {[%emt 0:00:00]} 24. Bxg7+ {[%emt 0:00:01]} Kxg7 {[%emt 0:00:01]} 25. Be4 {[%emt 0:00:00]} Qd7 {[%emt 0:00:04]} 26. Qe3 {[%emt 0:00:01]} Qd6 {[%emt 0:00:03]} 27. Kh2 {[%emt 0:00:02]} Bc8 {[%emt 0:00:01]} 28. b4 {[%emt 0:00:02]} f5 {[%emt 0:00:00]} 29. bxc5 {[%emt 0:00:01]} bxc5 {[%emt 0:00:03]} 30. gxf5 {[%emt 0:00:00]} gxf5 {[%emt 0:00:02]} 31. Rg1+ {[%emt 0:00:01]} Kh8 {[%emt 0:00:01]} 32. Qg5 {[%emt 0:00:01]} Rg8 {[%emt 0:00:03]} 33. Qxg8+ {[%emt 0:00:06]} Rxg8 {[%emt 0:00:00]} 34. Rxg8+ {[%emt 0:00:01]} Kxg8 {[%emt 0:00:00]} 35. Rg1+ {[%emt 0:00:02]} Kf7 {[%emt 0:00:02]} 36. Bh1 {[%emt 0:00:01]} e4+ {[%emt 0:00:01]} 37. Kg2 {[%emt 0:00:01]} Qxd5 {[%emt 0:00:00]} 38. Kf1 {[%emt 0:00:01]} Bb7 {[%emt 0:00:00]} 39. Kg2 {[%emt 0:00:01]} Ba6 {[%emt 0:00:00]} 40. Re1 {[%emt 0:00:01]} e3+ {[%emt 0:00:01]} 41. Kh2 {[%emt 0:00:00]} Qe5+ {[%emt 0:00:01]} 42. Kg1 {[%emt 0:00:02]} e2 {[%emt 0:00:00]} 43. Bf3 {[%emt 0:00:01]} Qc3 {[%emt 0:00:01]} 44. Bxe2 {[%emt 0:00:01]} Bxe2 {[%emt 0:00:00]} 45. Rxe2 {[%emt 0:00:01]} Qc1+ {[%emt 0:00:00]} 46. Kg2 {[%emt 0:00:00]} Qg5+ {[%emt 0:00:01]} 47. Kf1 {[%emt 0:00:01]} Qf6 {[%emt 0:00:00]} 48. Re3 {[%emt 0:00:00]} h5 {[%emt 0:00:00]} 49. Kg2 {[%emt 0:00:00]} h4 {[%emt 0:00:00]} 50. Rf3 {[%emt 0:00:00]} Qg6+ {[%emt 0:00:00]} 51. Kh2 {[%emt 0:00:00]} Qf6 {[%emt 0:00:00]} 52. Re3 {[%emt 0:00:00]} Qe6 {[%emt 0:00:00]} 53. Rf3 {[%emt 0:00:00]} Qe5+ {[%emt 0:00:01]} 54. Kg2 {[%emt 0:00:01]} Kf6 {[%emt 0:00:00]} 55. Re3 {[%emt 0:00:00]} Qd4 {[%emt 0:00:00]} 56. Rf3 {[%emt 0:00:01]} Qe4 {[%emt 0:00:00]} 57. a4 {[%emt 0:00:02]} Ke5 {[%emt 0:00:00]} 58. a5 {[%emt 0:00:00]} Qxf3+ {[%emt 0:00:00]} 59. Kxf3 {[%emt 0:00:01]} c4 {[%emt 0:00:00]} 60. a6 {[%emt 0:00:00]} c3 {[%emt 0:00:00]} 61. Ke3 {[%emt 0:00:00]} c2 {[%emt 0:00:00]} 62. Kd2 {[%emt 0:00:01]} c1=Q+ {[%emt 0:00:00] Czas partii (Lag: Av=0.88s, max=1.3s)} 0-1

[Event "Stay Safe Play From Home 172"]
[Site "T#646326Emanuel Laske"]
[Date "2020.05.25"]
[Round "6"]
[White "Majstor-resa"]
[Black "Lamborghini"]
[Result "0-1"]
[WhiteElo "1684"]
[BlackElo "2181"]
[Annotator "TA"]
[PlyCount "78"]
[EventDate "2020.05.25"]
[EventType "swiss (blitz)"]

{[%evp 9,78,1,31,8,40,7,11,16,17,-11,-20,-20,0,-39,-36,-25,-32,-75,-75,-386,-262,-231,17,-10,-13,-16,-20,0,104,42,52,42,68,70,74,75,79,65,66,41,52,-185,21,25,43,14,32,16,53,60,47,-27,29,8,9,-27,-27,-107,-17,-24,0,-282,-258,-294,-290,-392,-398,-423,-428,-389,-312]} 1. d4 Nf6 2. Nf3 g6 3. Nc3 Bg7 4. Bg5 O-O 5. e4 d6 6. Bd3 {B08: Pirc Defence: Classical System.} Bg4 7. Qd2 Bxf3 8. gxf3 {The position is equal.} Nc6 9. d5 {[#]} Nd4 $146 ({Predecessor:} 9... Ne5 10. Be2 c5 11. f4 Ned7 12. f5 a6 13. a4 Qb6 14. Rb1 Qb4 15. f3 Rfe8 {0-1 (60) Frank,G-Buchal,W Nuremberg 2004}) 10. Qe3 c5 11. dxc6 Nxc6 12. O-O-O Qa5 13. h4 Rfc8 14. f4 $2 {[%mdl 8192]} (14. a3 $17) 14... Nb4 15. a3 {[#]} Nxd3+ $2 (15... Ng4 $1 $19 {[%cal Rg4e3]} 16. Qe2 Bxc3) 16. Qxd3 (16. Rxd3 {with more complications.} Ng4 17. Qg3 Bxc3 18. bxc3 h5 19. Bxe7 Qxa3+ 20. Kd2) 16... Rxc3 17. Qxc3 Qxc3 18. bxc3 Re8 (18... Nxe4 $11 {keeps the balance.} 19. Rde1 d5) 19. f3 (19. Bxf6 $1 $16 Bxf6 20. c4) 19... Nh5 $1 $14 {[#] And now ...f6 would win.} 20. f5 $1 Bxc3 21. Rd3 Be5 22. fxg6 hxg6 23. Bd2 f6 24. Rg1 Kf7 25. Bc3 $2 (25. a4 $14 {keeps the upper hand.}) 25... Bf4+ $2 (25... Nf4 $19 26. Kd2 (26. Re3 $2 Bxc3 27. Rg4 Be5 $19) 26... Nxd3 27. Kxd3 Bxc3 28. Kxc3 Rc8+ 29. Kb2 Rc5) 26. Kb2 $11 Rh8 27. Bd2 Be5+ 28. c3 Nf4 29. Bxf4 $1 Bxf4 $14 {[%mdl 4096] Endgame KRR-KRB} 30. Rd5 (30. Rg4 $14 Be5 31. Kb3) 30... Be5 (30... Rxh4 $142 31. Rdd1 g5) 31. Rb5 b6 32. a4 Rxh4 {Strongly threatening ...Rh2+.} 33. a5 (33. Rf1 $11) 33... bxa5 ({Black should try} 33... Rh2+ $17 34. Kb1 bxa5 35. Rxa5 Bxc3) 34. Rxa5 $11 Rh3 35. Rc1 $2 {[%mdl 8192]} (35. Rf1 $11 {and White has nothing to worry.}) 35... Rxf3 $19 36. Rxa7 g5 37. Kb3 g4 38. Kb4 g3 39. Ra2 e6 {Accuracy: White = 31%, Black = 53%.} 0-1

[Event "Stay Safe Play From Home 172"]
[Site "T#646326Emanuel Laske"]
[Date "2020.05.25"]
[Round "6"]
[White "matanant"]
[Black "UHU4"]
[Result "1-0"]
[WhiteElo "1639"]
[BlackElo "1480"]
[Annotator "NA RC"]
[PlyCount "55"]
[EventDate "2020.05.25"]
[EventType "swiss (blitz)"]

1. b3 {[%emt 0:00:12] UHU4 reconnected.} d5 {[%emt 0:00:01]} 2. Bb2 {[%emt 0:00:00]} Nc6 {[%emt 0:00:02]} 3. e3 {[%emt 0:00:00]} e5 {[%emt 0:00:01]} 4. f4 {[%emt 0:00:00]} Bd6 {[%emt 0:00:01]} 5. Nf3 {[%emt 0:00:00]} f6 {[%emt 0:00:03]} 6. Bb5 {[%emt 0:00:01]} Bg4 {[%emt 0:00:03]} 7. fxe5 {[%emt 0:00:01]} fxe5 {[%emt 0:00:02]} 8. h3 {[%emt 0:00:01]} Bxf3 {[%emt 0:00:01]} 9. Qxf3 {[%emt 0:00:01]} Nf6 {[%emt 0:00:02]} 10. O-O {[%emt 0:00:02]} O-O {[%emt 0:00:01]} 11. d3 {[%emt 0:00:02]} a6 {[%emt 0:00:03]} 12. Bxc6 {[%emt 0:00:02]} bxc6 {[%emt 0:00:01]} 13. e4 {[%emt 0:00:01]} d4 {[%emt 0:00:02]} 14. Nd2 {[%emt 0:00:02]} Nd5 {[%emt 0:00:02]} 15. Qe2 {[%emt 0:00:02]} Rxf1+ {[%emt 0:00:02]} 16. Rxf1 {[%emt 0:00:02]} Ne3 {[%emt 0:00:01]} 17. Rf3 {[%emt 0:00:03]} Nxc2 {[%emt 0:00:02]} 18. Nc4 {[%emt 0:00:01]} Nb4 {[%emt 0:00:04]} 19. a3 {[%emt 0:00:02]} Nxd3 {[%emt 0:00:09]} 20. Qxd3 {[%emt 0:00:02]} Rb8 {[%emt 0:00:00]} 21. b4 {[%emt 0:00:01]} Qe7 {[%emt 0:00:04]} 22. Rf5 {[%emt 0:00:01]} Rf8 {[%emt 0:00:01]} 23. Rxf8+ {[%emt 0:00:03]} Qxf8 {[%emt 0:00:01]} 24. Qg3 {[%emt 0:00:01]} a5 {[%emt 0:00:03]} 25. Nxe5 {[%emt 0:00:02]} axb4 {[%emt 0:00:04]} 26. axb4 {[%emt 0:00:01]} Qe7 {[%emt 0:00:01]} 27. Bxd4 {[%emt 0:00:01]} Bxb4 {[%emt 0:00:01]} 28. Qg4 {[%emt 0:00:02] Tiempo (Lag: Av=0.81s, max=1.9s)} 1-0

[Event "Stay Safe Play From Home 172"]
[Site "T#646326Emanuel Laske"]
[Date "2020.05.25"]
[Round "6"]
[White "Vilmos47"]
[Black "Trotsky"]
[Result "0-1"]
[WhiteElo "975"]
[BlackElo "1520"]
[Annotator "NA"]
[PlyCount "38"]
[EventDate "2020.05.25"]
[EventType "swiss (blitz)"]

1. e4 {[%emt 0:00:02]} c5 {[%emt 0:00:01]} 2. Nc3 {[%emt 0:00:03]} e6 {[%emt 0:00:00]} 3. f4 {[%emt 0:00:03]} d5 {[%emt 0:00:01]} 4. exd5 {[%emt 0:00:02]} exd5 {[%emt 0:00:00]} 5. Qe2+ {[%emt 0:00:01]} Be6 {[%emt 0:00:01]} 6. Nf3 {[%emt 0:00:04]} Nc6 {[%emt 0:00:03]} 7. d4 {[%emt 0:00:02]} c4 {[%emt 0:00:01]} 8. Be3 {[%emt 0:00:03]} Qc7 {[%emt 0:00:01]} 9. O-O-O {[%emt 0:00:02]} O-O-O {[%emt 0:00:01]} 10. Nb5 {[%emt 0:00:01]} Qa5 {[%emt 0:00:03]} 11. Nc3 {[%emt 0:00:07]} Nb4 {[%emt 0:00:05]} 12. a3 {[%emt 0:00:09]} Nf6 {[%emt 0:00:01]} 13. Ne5 {[%emt 0:00:02]} Bd6 {[%emt 0:00:03]} 14. h3 {[%emt 0:00:09]} Kb8 {[%emt 0:00:02]} 15. g4 {[%emt 0:00:04]} Rc8 {[%emt 0:00:01]} 16. f5 {[%emt 0:00:01]} Bxe5 {[%emt 0:00:02]} 17. fxe6 {[%emt 0:00:01]} fxe6 {[%emt 0:00:01]} 18. dxe5 {[%emt 0:00:02]} Ne4 {[%emt 0:00:01]} 19. Nxe4 {[%emt 0:00:02]} Na2+ {[%emt 0:00:03] Time (Lag: Av=0.43s, max=1.2s)} 0-1

[Event "Stay Safe Play From Home 172"]
[Site "T#646326Emanuel Laske"]
[Date "2020.05.25"]
[Round "7"]
[White "Rogan"]
[Black "Mepe_Nika"]
[Result "1-0"]
[WhiteElo "2304"]
[BlackElo "2269"]
[Annotator "TA"]
[PlyCount "67"]
[EventDate "2020.05.25"]
[EventType "swiss (blitz)"]

{[%evp 9,67,-9,-5,-5,-7,-8,-5,-4,0,0,0,-29,-7,-15,0,0,0,-12,0,-15,-19,-70,-15,-17,-24,-11,-2,-31,-25,-30,-34,-72,-1,-4,0,-20,27,27,20,30,122,51,575,577,650,563,560,553,648,639,29979,29980,29977,29972,29989,29990,29990,29987,29991,29992]} 1. d4 d5 2. c3 Nf6 3. Nf3 Bf5 4. Bg5 Ne4 5. Bh4 c6 6. Nbd2 {D03: 1 d4 d5 2 Nf3 Nf6 3 Bg5, including Torre Attack with early ...d5.} Qb6 7. Qb3 Nd7 8. Nxe4 {The position is equal.} Bxe4 9. e3 e6 10. Be2 Bd6 11. O-O O-O 12. Nd2 Bg6 13. f4 f6 {[#]} 14. Qxb6 $146 ({Predecessor:} 14. Rae1 Rae8 15. g4 e5 16. f5 Bf7 17. Bg3 Qc7 18. Bf3 Re7 19. Qd1 Rfe8 20. Re2 exd4 21. Bxd6 Qxd6 22. exd4 Rxe2 23. Bxe2 {½-½ (40) Modr,B (2315)-Szymczak,Z (2335) Czechoslovakia 1991}) 14... axb6 15. Bf3 (15. g4 $11) 15... e5 (15... Bd3 $15 16. Rfe1 b5) 16. fxe5 fxe5 17. Bg4 Nf6 18. Bxf6 (18. Be6+ {keeps more tension.} Kh8 19. Bg3 Rae8 20. Bf5 Bxf5 21. Rxf5 g6 22. Rff1) 18... Rxf6 19. Rxf6 gxf6 20. a3 Re8 ({Black should play} 20... f5 $17 21. Bh3 f4 22. dxe5 Bc5) 21. Rf1 $11 Kg7 22. Nf3 c5 23. dxe5 fxe5 24. Nh4 h5 {[#]} (24... d4 $11 {remains equal.}) 25. Bf5 (25. Bxh5 $1 $16 {[%mdl 512]} Bxh5 26. Nf5+ {[%mdl 64] Double Attack} Kg6 27. Nxd6) 25... d4 $2 {[%mdl 8192] Loses the game.} (25... Bf7 $14) 26. Bxg6 $18 Re7 27. Nf5+ Kxg6 28. Nxd6 {[%mdl 4096] Endgame KRN-KR} Rd7 29. Nc4 dxc3 30. Nxe5+ {[%mdl 64] Double Attack. White mates.} Kg5 31. Nxd7 b5 32. bxc3 b4 33. cxb4 cxb4 34. axb4 {Accuracy: White = 70%, Black = 44%.} 1-0

[Event "Stay Safe Play From Home 172"]
[Site "T#646326Emanuel Laske"]
[Date "2020.05.25"]
[Round "7"]
[White "Praveen prasad"]
[Black "Castlingarrocco"]
[Result "1-0"]
[WhiteElo "2266"]
[BlackElo "2020"]
[Annotator "TA"]
[PlyCount "63"]
[EventDate "2020.05.25"]
[EventType "swiss (blitz)"]

{[%evp 9,63,13,35,21,29,6,20,14,22,-38,-25,-38,-22,-42,-36,-66,-56,-81,-57,-78,-68,-112,-106,-161,-149,-164,-110,-112,-112,-154,-157,-316,-272,-275,-155,-317,151,147,338,334,366,363,356,350,353,351,428,414,29967,29965,29960,11036,29990,29991,29991,29992]} 1. e4 e6 2. e5 d5 3. exd6 cxd6 4. d4 d5 {[#]} 5. c3 $146 ({Predecessor:} 5. Nf3 Nf6 6. Bd3 Nc6 7. O-O Bd6 8. c3 Qc7 9. h3 Bd7 10. Be3 Ne4 11. c4 Nb4 {1-0 (38) Krapivin,A (2394)-Vysotskiy,O (2091) Moscow 2020}) 5... Nf6 6. Bd3 {C00: French: Unusual White 2nd moves.} b6 7. Ne2 Bb7 8. O-O {The position is equal.} Bd6 9. f4 (9. Bf4 $11) 9... Nbd7 10. h3 Ne4 11. Bxe4 dxe4 12. Be3 f5 13. Nd2 O-O $36 {[%mdl 2048] White is under pressure.} 14. Qb3 Qe7 15. Qd1 Nf6 {White must now prevent ...Nd5.} 16. Qe1 (16. c4 $17 {was called for.}) 16... Nd5 $19 17. Qf2 Nxe3 (17... Rfc8 $19 18. Rac1 Ba6) 18. Qxe3 $17 Ba6 19. b3 Bd3 20. c4 $2 (20. Rf2 $17 {is a better defense.}) 20... Rf7 21. Rf2 {[#] intending Nc1.} Bb4 (21... g5 $1 $19 {[%mdl 512]} 22. Kh1 (22. fxg5 e5) 22... Bxe2 23. Qxe2 gxf4) 22. Nc1 $2 (22. Rd1 $17 {might work better.}) 22... Bxd2 $2 (22... Bc3 $19 23. Nxd3 Bxa1) 23. Rxd2 $16 e5 $2 (23... Rd8 $16) 24. dxe5 $18 ({Less strong is} 24. Nxd3 exd4 25. Qxd4 Rd8 $16) 24... Rd8 25. Nxd3 exd3 26. Rxd3 Rxd3 27. Qxd3 {KQR-KQR} Qc5+ 28. Kh1 Qf2 (28... Qc8 $18 29. Rd1 Re7) 29. e6 Rf8 30. e7 {White threatens Qd5+ and mate.} Re8 31. Qd5+ Kh8 {[#]} 32. Qd8 $1 {[%mdl 64] Back Rank. Accuracy: White = 58%, Black = 44%.} 1-0

[Event "Stay Safe Play From Home 172"]
[Site "T#646326Emanuel Laske"]
[Date "2020.05.25"]
[Round "7"]
[White "SoulofWolf"]
[Black "Haxhi Baha"]
[Result "1-0"]
[WhiteElo "2239"]
[BlackElo "1991"]
[Annotator "TA"]
[PlyCount "63"]
[EventDate "2020.05.25"]
[EventType "swiss (blitz)"]

{[%evp 9,63,781,782,780,863,854,877,870,867,867,858,866,916,884,936,953,944,909,958,912,987,941,947,929,937,936,915,935,946,910,1325,1336,1374,1380,1395,1278,1471,1452,1556,1596,1581,1562,1701,1671,1564,1532,2197,2195,29991,29991,29993,29992,29992,29993,29994,29995]} 1. Nf3 e6 2. d4 d5 3. Bg5 {[#]} c6 $146 ({Predecessor:} 3... Be7 4. Bxe7 Qxe7 5. Nbd2 Nf6 6. e3 O-O 7. c4 b6 8. Bd3 c5 9. cxd5 exd5 10. Rc1 c4 11. Bb1 Nbd7 12. O-O b5 13. Re1 Bb7 14. Ng5 Rfe8 {½-½ (30) Romanov,E (2633)-Vallejo Pons,F (2716) Novi Sad 2016}) 4. Bxd8 Kxd8 5. e3 Nd7 6. c4 {D02: 1 d4 d5 2 Nf3 sidelines, including 2...Nf6 3 g3 and 2...Nf6 3 Bf4.} f6 7. Nc3 Bd6 8. Qc2 {White is clearly winning.} Ne7 9. Bd3 dxc4 10. Bxc4 Nf8 11. a4 Bd7 12. O-O b6 13. Rab1 Nfg6 14. b4 Ke8 15. Qb3 Nd5 16. e4 Nxc3 17. Qxc3 Kf7 18. g3 Rhd8 19. Rfe1 Ne7 20. e5 Bc7 21. Qc2 f5 {[#]} 22. g4 $1 g6 (22... fxg4 23. Ng5+) 23. Ng5+ Kg7 24. Bxe6 h6 25. Bxd7 hxg5 26. Bxc6 Rac8 27. b5 Nd5 28. gxf5 gxf5 29. Qxf5 {White mates.} Ne7 30. Qxg5+ Ng6 31. Kh1 Rxd4 32. Rg1 {Black did not feel at home in the position after the opening.} 1-0

[Event "Stay Safe Play From Home 172"]
[Site "T#646326Emanuel Laske"]
[Date "2020.05.25"]
[Round "7"]
[White "Indianquant"]
[Black "Lazieri3"]
[Result "1-0"]
[WhiteElo "2217"]
[BlackElo "2141"]
[Annotator "TA"]
[PlyCount "49"]
[EventDate "2020.05.25"]
[EventType "swiss (blitz)"]

{[%evp 13,49,30,51,30,35,48,48,14,78,76,79,41,98,81,147,132,186,187,177,180,279,285,276,204,243,226,443,424,399,138,472,126,387,187,456,468,528,509]} 1. Nf3 c6 2. c4 d5 3. d4 Nf6 4. e3 Bf5 5. Nc3 e6 6. Nh4 Bg4 7. Qb3 Qb6 8. h3 {D12: Slav Defence: 3 Nf3 Nf6 4 e3 Bf5.} Qxb3 9. axb3 Bh5 {[#]} 10. Bd3 $146 {White is slightly better.} (10. g4 {keeps more tension.} g5 11. Nf3 Bg6 12. c5 h5 13. Rg1) ({Predecessor:} 10. g4 Bg6 11. g5 Ng8 12. Nxg6 hxg6 13. e4 dxe4 14. Nxe4 Bb4+ 15. Bd2 Bxd2+ 16. Kxd2 {½-½ (37) Kireev,V (2210)-Shchebenyuk,M (2158) ICCF email 2016}) 10... Bg6 (10... Na6 $11 {remains equal.}) 11. Nxg6 $16 hxg6 12. Bd2 Bd6 (12... Nbd7 $14) 13. Ke2 $36 {[%mdl 2048] White is on the roll.} Nbd7 {[#]} (13... Bc7 $142) 14. c5 $1 {[%cal Rc5d6]} Bc7 {[#]} (14... Be7 $16) 15. b4 $1 $18 Ke7 16. b5 cxb5 (16... Rhb8 $142 17. Rhb1 a6) 17. Nxb5 {[%mdl 64] Double Attack} Bb8 18. f4 a6 19. Rhc1 Bxf4 $2 (19... Rc8 {was worth a try.} 20. Nc3 Kd8) 20. exf4 axb5 21. Bxb5 $2 (21. Bb4 $18 {has better winning chances.} Rxa1 22. Rxa1) 21... Ne4 $2 {[%mdl 8192]} (21... Rhc8 $16 22. Kf3 Kd8) 22. Be1 $2 (22. Bb4 $18 Ndxc5 23. dxc5) 22... g5 $2 {[%mdl 8192]} (22... Rhc8 $16 23. Bb4 Kd8) 23. fxg5 (23. Bb4 $142 Rxa1 24. Rxa1) 23... Nxg5 $2 (23... e5 24. Rxa8 Rxa8) 24. Bb4 Rxa1 25. Rxa1 {Accuracy: White = 44%, Black = 11%.} 1-0

[Event "Stay Safe Play From Home 172"]
[Site "T#646326Emanuel Laske"]
[Date "2020.05.25"]
[Round "7"]
[White "Lamborghini"]
[Black "The Next Contender"]
[Result "1-0"]
[WhiteElo "2183"]
[BlackElo "1944"]
[Annotator "TA"]
[PlyCount "103"]
[EventDate "2020.05.25"]
[EventType "swiss (blitz)"]

{[%evp 9,103,37,46,40,157,160,165,147,162,99,111,93,101,70,108,85,89,53,33,29,90,76,71,48,49,43,74,29,34,38,72,45,45,47,48,67,70,30,69,-8,-13,-37,-25,-26,28,18,20,27,24,0,0,0,0,0,69,63,63,63,63,63,63,63,63,63,64,63,87,63,104,25,87,25,87,39,87,87,87,87,87,87,87,87,87,87,94,94,94,94,102,0,0,0,0,0,14,22]} 1. e4 d5 2. exd5 Qxd5 3. Nc3 Qa5 4. d4 c6 5. Nf3 Bf5 6. Ne5 {B01: Scandinavian Defence.} e6 (6... Nd7 $14) 7. g4 $1 $16 {[%cal Rg4f5]} Bg6 {[#]} 8. h4 $1 {[%cal Rh4h5] And now h5 would win.White is clearly better.} Nf6 {[#]} 9. h5 (9. Rh3 $1 $18) 9... Be4 10. f3 Bd5 11. Bd2 {[#]} Qc7 $146 ({Predecessor:} 11... Qb6 12. Nxd5 cxd5 13. Bc3 Nc6 14. Qd2 Nxe5 15. dxe5 Nd7 16. O-O-O Bc5 {½-½ (24) Steens,R (1752)-Suer,J (1744) Germany 2017}) 12. g5 (12. h6 {is more complex.} g6 13. Qe2 Nbd7 14. Bf4 Bd6 15. Bh2) 12... Nfd7 13. Qe2 (13. Nxd5 {is interesting.} cxd5 14. f4 Nc6 15. c3 Nb6 16. Bd3) 13... Nxe5 14. dxe5 Bc5 (14... Nd7 $11 {keeps the balance.}) 15. O-O-O Nd7 16. Bf4 O-O-O 17. Kb1 Kb8 18. Nxd5 cxd5 19. Bh3 Rc8 20. g6 (20. Rxd5 $5 exd5 21. Qh2 $16) 20... hxg6 21. hxg6 Nb6 22. gxf7 Qxf7 23. Bg5 Rcf8 24. f4 ({White should try} 24. Bc1 $14) 24... Be7 $11 25. Bxe7 (25. Bg4 {feels hotter.} Rxh1 26. Rxh1 Bxg5 27. fxg5 Qe7 28. Rf1) 25... Qxe7 26. Qg4 Rh4 (26... Nc4 $142 27. Qxe6 Qb4) 27. Qxe6 Qxe6 28. Bxe6 Rhxf4 29. Bxd5 Nxd5 30. Rxd5 {[%mdl 4096] Endgame KRR-KRR} Rf1+ 31. Rd1 R1f5 ({Better is} 31... Rxh1 $11 32. Rxh1 Rf5) 32. Rhg1 R8f7 33. Rde1 Re7 34. b3 Rfxe5 35. Rxe5 Rxe5 36. Rxg7 $14 {KR-KR} Re1+ 37. Kb2 Re6 38. a4 {[%cal Ba2a4,Ba4a5][%mdl 32]} a6 39. c4 (39. a5 $16) 39... Rc6 (39... a5 $1 $11) 40. Kc3 (40. Rg5 $16) 40... Re6 (40... a5 $1 $11 {remains equal.}) 41. Kb4 Re3 42. a5 Ka7 43. Rg6 Re5 44. Rd6 Rh5 45. Rd5 Rh4 46. Kc5 Rh6 47. b4 Rc6+ 48. Kd4 Rh6 49. b5 (49. Rd8 $16) 49... Rh4+ $11 {The position is equal.} 50. Kc5 {Threatening mate with b6+.} axb5 51. cxb5 Rh6 52. Rd7 {[%mdl 32768] Blacks defense is rewarded with a draw. Accuracy: White = 68%, Black = 61%. . Loss on time!?} 1-0